Fantasy Soccer and Mathematics
This workbook is designed to be used in conjunction with Fantasy Soccer and Mathematics: A Resource Guide for Teachers and Parents. The games and activities in Fantasy Soccer and Mathematics were created to get you excited about learning and practicing math, even if you are not a big sports fan
保存先:
| 第一著者: | |
|---|---|
| フォーマット: | 図書 |
| 言語: | Undetermined |
| 出版事項: |
New York
Jossey-Bass
2007
|
| 主題: | |
| タグ: |
タグ追加
タグなし, このレコードへの初めてのタグを付けませんか!
|
| Thư viện lưu trữ: | Trung tâm Học liệu Trường Đại học Cần Thơ |
|---|
| LEADER | 00877nam a2200217Ia 4500 | ||
|---|---|---|---|
| 001 | CTU_157625 | ||
| 008 | 210402s9999 xx 000 0 und d | ||
| 020 | |c 9.95 | ||
| 082 | |a 793.74 | ||
| 082 | |b F628 | ||
| 100 | |a Flockhart, Dan | ||
| 245 | 0 | |a Fantasy Soccer and Mathematics | |
| 245 | 0 | |c Dan Flockhart | |
| 260 | |a New York | ||
| 260 | |b Jossey-Bass | ||
| 260 | |c 2007 | ||
| 520 | |a This workbook is designed to be used in conjunction with Fantasy Soccer and Mathematics: A Resource Guide for Teachers and Parents. The games and activities in Fantasy Soccer and Mathematics were created to get you excited about learning and practicing math, even if you are not a big sports fan | ||
| 650 | |a Sports,Mathematical recreations,Games in mathematics education | ||
| 650 | |x Mathematics | ||
| 904 | |i Tuyến | ||
| 980 | |a Trung tâm Học liệu Trường Đại học Cần Thơ | ||